LEADER 00696nam a2200193 i 4500 001 000000223091 003 CaOOAMICUS 005 20131003000000.0 008 131003s1835 xx u000 u fre u 013 $a201988 040 $aSeMil$bita 245 10$aHistoire de la philosophie ancienne. Tome 2. 300 $a412 p. 773 0 $aRitter, Heinrich <1791-1869>$tHistoire de la philosophie.$dParis : Librairie Ladrange, 1835-1836.$g1$w()5754 850 $aSeMil 852 $aSeMil$W1$xVenegono$y1$m2Q IV 37 FA$j173437$B173437$CSeMilBibl$Z2$F183798 $8I 941 1 $a10 961 $aRecupero: Mantegazza 996 $6245$aHistoire de la philosophie ancienne. Tome 2$9(OLS)http://semarc/title/319955 LEADER 01322nam a2200313 i 4500 001 000000062512 003 CaOOAMICUS 005 20130312000000.0 008 130312s1980 xx u000 u eng u 013 $a33684 020 $a0-689-70189-6 040 $aSeMil$bita 100 1 $aStrack, Hermann Leberecht$b<1848-1922>.$0(OLS)http://semarc/name/5318 245 10$aIntroduction to the Talmud and Midrash /$cHermann L. Strack. 250 $a6. printing. 260 $aNew York :$bAtheneum,$c1980. 300 $aXV, 364 p. ;$c21 cm. 490 0 $aTemple books ;$v10 490 0 $aAtheneum Paperbacks ;$v. 650 4$aTalmud babilonese.$0(OLS)http://semarc/subject/12307 650 4$aLetteratura rabbinica - Commentari, studi, critica e interpretazione.$0(OLS)http://semarc/subject/56424 830 0$aTemple books ;$v10.$0(OLS)http://semarc/title/38232 830 0$aAtheneum Paperbacks ;$v.$0(OLS)http://semarc/title/38301 850 $aSeMil 852 $aSeMil$W1$xVenegono$y1$m2R II 155$j28665$B28665$CSeMilBibl$Z2$F28668 $81 961 $aOmaggio: Tremolada don Pierantonio 996 $6020$a0-689-70189-6$9(OLS)http://semarc/number/39080 996 $6245$aIntroduction to the Talmud and Midrash$9(OLS)http://semarc/title/98431 996 $6260$aNew York :$bAtheneum$9(OLS)http://semarc/publisher/37649